Point culminant des pays d'Amérique du Sud - Statistiques

Statistiques générales
  • Ce quiz a été pris 10 fois
  • Le résultat moyen est 3 sur 12
Statistiques - réponses
Pays Altitude (en mètre) Point culminant % Correct
Argentine 6960 Aconcagua
100%
Équateur 6267 Chimborazo
40%
Pérou 6768 Huascarán
40%
Venezuela 4981 Pico Bolívar
30%
Bolivie 6542 Nevado Sajama
20%
Brésil 2994 Pico da Neblina
20%
Uruguay 514 Cerro Catedral
10%
Paraguay 842 Cerro Peró
10%
Guyana 2772 Mont Roraima
10%
Chili 6893 Nevado Ojos del Salado
10%
Suriname 1230 Juliana Top
0%
Colombie 5775 Pic Cristóbal Colón
0%
Aucun quiz correspondant
Distribution des résultats
% des personnes avec chaque résultat
Percentile par nombre de réponses
Votre historique - résultats
Vous n’avez pas pris ce quiz